Подробности
| 000 -МАРКЕР |
| контрольное поле |
04448nam0a2200433 4500 |
| 001 - ИДЕНТИФИКАТОР ЗАПИСИ |
| контрольное поле |
RU\NLR\BIBL_A\012654898 |
| 005 - ИДЕНТИФИКАТОР ВЕРСИИ |
| контрольное поле |
20220209175111.0 |
| 010 ## - МЕЖДУНАРОДНЫЙ СТАНДАРТНЫЙ НОМЕР КНИГИ (ISBN) |
| Номер (ISBN) |
978-5-6046055-2-3 |
| Тираж |
100 |
| 021 ## - НОМЕР ГОСУДАРСТВЕННОЙ РЕГИСТРАЦИИ |
| Код страны |
Российская Федерация |
| Номер |
КН-П-21-051248 |
| Номер Листа государственной регистраци |
КН-П-21-4026 |
| 035 ## - ДРУГИЕ СИСТЕМНЫЕ НОМЕРА |
| Идентификатор записи |
(NLR Aleph) 012654898 |
| 100 ## - ДАННЫЕ ОБЩЕЙ ОБРАБОТКИ |
| Данные общей обработки |
20211201d2021 k y0rusy50 ca |
| 101 0# - ЯЗЫК РЕСУРСА |
| Язык текста, звукозаписи и т.д. |
русский |
| -- |
английский |
| Язык резюме |
английский |
| 102 ## - СТРАНА ПУБЛИКАЦИИ ИЛИ ПРОИЗВОДСТВА |
| Страна публикации |
Российская Федерация |
| 105 ## - ПОЛЕ КОДИРОВАННЫХ ДАННЫХ: ТЕКСТОВЫЕ МАТЕРИАЛЫ, МОНОГРАФИЧЕСКИЕ |
| Кодированные данные о монографическом текстовом документе |
y z 100zy |
| 181 #0 - ПОЛЕ КОДИРОВАННЫХ ДАННЫХ: ВИД СОДЕРЖАНИЯ |
| Код вида содержания (ISBD) |
i |
| Код характеристики содержания (ISBD) |
axxe |
| 182 #0 - ПОЛЕ КОДИРОВАННЫХ ДАННЫХ: ТИП СРЕДСТВА |
| Код типа средства (ISBD) |
n - непосредственное |
| 200 1# - ЗАГЛАВИЕ И СВЕДЕНИЯ ОБ ОТВЕТСТВЕННОСТИ |
| Основное заглавие |
V Всероссийская научно-практическая конференция с международным участием "Исследование и проектирование интеллектуальных систем в автомобилестроении, авиастроении и машиностроении" ("ISMCA' 2021") |
| Сведения, относящиеся к заглавию |
материалы Всероссийской научно-практической конференции с международным участием (Таганрог, 16 апреля 2021 г.) |
| Первые сведения об ответственности |
Министерство науки и высшего образования Российской Федерации, Политехнический институт( филиал) Федерального государственного бюджетного образовательного учреждения высшего образования "Донской государственный технический университет" в г. Таганроге Ротовской области ПИ (филиал) ДГТУ в г. Таганроге |
| Последующие сведения об ответственности |
редакционная коллегия: кандидат технических наук Светличная Л. А. (отв. ред.), доктор экономических наук Чернова Т. В. |
| 203 ## - ВИД СОДЕРЖАНИЯ И ТИП СРЕДСТВА |
| Вид содержания |
Текст |
| Дополнительные сведения об издании |
визуальный |
| Тип средства |
непосредственный |
| 210 ## - ПУБЛИКАЦИЯ, РАСПРОСТРАНЕНИЕ И ДР. |
| Место издания, распространения и т.д. |
Таганрог |
| Имя издателя, распространителя и т. д. |
ИП Шкуркин Дмитрий Владимирович (ДиректСайнс) |
| Дата издания, распространения и т.д. |
2021 |
| 215 ## - ФИЗИЧЕСКАЯ ХАРАКТЕРИСТИКА |
| Специфическое обозначение материала и объем |
357, [1] с. |
| Другие сведения о физической характеристике |
ил. |
| Размеры |
21 |
| 300 ## - ОБЩИЕ ПРИМЕЧАНИЯ |
| Текст примечания |
На обл.: Исследование и проектирование интеллектуальных систем в автомобилестроении, авиастроении и машиностроении ("ISMCA' 2021"): IV [т. е. V] Всероссийская научно-практическая конференция с международным участием (Таганрог, 16 апреля 2021) |
| 300 ## - ОБЩИЕ ПРИМЕЧАНИЯ |
| Текст примечания |
Часть текста и рез. на англ. яз. |
| 313 ## - ПРИМЕЧАНИЯ, ОТНОСЯЩИЕСЯ К ТЕМАТИЧЕСКОМУ ДОСТУПУ |
| Текст примечания |
4-я конф. 2020 г. |
| 320 ## - ПРИМЕЧАНИЯ О НАЛИЧИИ В ДОКУМЕНТЕ БИБЛИОГРАФИИ / УКАЗАТЕЛЯ |
| Текст примечания |
Библиогр. в конце ст. |
| 512 1# - ЗАГЛАВИЕ ОБЛОЖКИ |
| Заглавие обложки |
Исследование и проектирование интеллектуальных систем в автомобилестроении, авиастроении и машиностроении ("ISMCA' 2021") |
| Сведения, относящиеся к заглавию |
IV [т. е. V] Всероссийская научно-практическая конференция с международным участием (Таганрог, 16 апреля 2021) |
| 606 1# - НАИМЕНОВАНИЕ ТЕМЫ КАК ПРЕДМЕТ |
| Наименование темы |
Машиностроение |
| Формальный подзаголовок |
Съезды, совещания и т.п |
| Тематический подзаголовок |
Информационные технологии |
| Системный номер авторитетной/нормативной записи |
2178503 |
| Идентификатор авторитетной/нормативной записи |
RU\NLR\AUTH\661310206 |
| 606 1# - НАИМЕНОВАНИЕ ТЕМЫ КАК ПРЕДМЕТ |
| Наименование темы |
Автомобилестроение |
| Формальный подзаголовок |
Съезды, совещания и т.п |
| Тематический подзаголовок |
Информационные технологии |
| Системный номер авторитетной/нормативной записи |
2113506 |
| Идентификатор авторитетной/нормативной записи |
RU\NLR\AUTH\661580558 |
| 606 1# - НАИМЕНОВАНИЕ ТЕМЫ КАК ПРЕДМЕТ |
| Наименование темы |
Летательные аппараты |
| Формальный подзаголовок |
Съезды, совещания и т.п |
| Тематический подзаголовок |
Производство |
| -- |
Информационные технологии |
| Системный номер авторитетной/нормативной записи |
2378418 |
| Идентификатор авторитетной/нормативной записи |
RU\NLR\AUTH\6601640357 |
| 686 1# - ИНДЕКСЫ ДРУГИХ КЛАССИФИКАЦИЙ |
| Индекс |
К5-5-05я431(2) |
| 686 1# - ИНДЕКСЫ ДРУГИХ КЛАССИФИКАЦИЙ |
| Индекс |
О33-06-5-05я431(2) |
| 686 1# - ИНДЕКСЫ ДРУГИХ КЛАССИФИКАЦИЙ |
| Индекс |
О52-06-5-05я431(2) |
| 702 #1 - ИМЯ ЛИЦА - ВТОРИЧНАЯ ОТВЕТСТВЕННОСТЬ |
| Начальный элемент ввода |
Светличная |
| Часть имени, кроме начального элемента ввода |
Л. А. |
| Расширение инициалов личного имени |
Людмила Александровна |
| Код отношения |
Редактор |
| 710 12 - НАИМЕНОВАНИЕ ОРГАНИЗАЦИИ - ПЕРВИЧНАЯ ОТВЕТСТВЕННОСТЬ |
| Начальный элемент ввода |
"Исследование и проектирование интеллектуальных систем в автомобилестроении, авиастроении и машиностроении", всероссийская научно-практическая конференция с международным участием |
| Порядковый номер временной организации и / или порядковый номер ее части |
5 |
| Место проведения временной организации |
Таганрог |
| Дата проведения временной организации |
2021 |
| Системный номер авторитетной/нормативной записи |
780407 |
| Идентификатор авторитетной/нормативной записи |
RU\NLR\AUTH\880556674 |
| 942 ## - ДОПОЛНИТЕЛЬНЫЕ ЭЛЕМЕНТЫ ЗАПИСИ (АБИС) |
| Тип экземпляра АБИС |
Книга |
| 980 ## - КОЛЛЕКЦИЯ |
| Название коллекции |
Национальная библиография |